00566nam a2200181 a 4500020001800000082001700018100001700035245002800052260004100080300001000121500003500131505001000166650002600176700001700202942000700219952014100226999001700367 a8171015581 00a297.24bIBN1 aIbn Kathir,  aStories of the Prophets aDelhibIdara Ishaat-E-diniyat c2013 a464p  aincludes index and biblioraphy2 aindex aProphets in the Quran1 aIbn Kathir,  cBK 001040708StackRoom-aHMIbHMId2014-02-18g250.00l3o297.24 IBNp024407q2026-02-24r2026-02-10s2026-02-10v250.00w2014-02-18yBK c14131d14131